| 000 | 01074cam a2200277 4500 | ||
|---|---|---|---|
| 008 | 090401t2001 xxu||||| |||| 00| 0 eng d | ||
| 020 | _a0632039647 | ||
| 035 | _a(Sirsi) u97241 | ||
| 041 | _aeng | ||
| 050 | _a692.803 | ||
| 100 | _aChappell, David | ||
| 245 | 2 | _aA building contract dictionary. | |
| 250 | _a3rd ed. | ||
| 260 |
_aOxford _bBlackwell Science _c2001 |
||
| 300 | _ax,432p. ; 25cm. | ||
| 350 | _a57.50 | ||
| 520 | _aOver 800 separate entries referring to words, phrases and terms encountered in, and in connection with, building contracts. Contracts which have been referenced include JCT 98, IFC 98, MW 98, WCD 98, PCC 98, MC 98, ACA 3, GC/Works/1 (1998), NEC, NSC/C, DOM/1 and DOM/2, as well as topics such as adjudication, arbitration and the Civil Procedure Rules | ||
| 650 | _aBUILT ENVIRONMENT-BUILDING CONTRACT FORMS | ||
| 650 | _aDICTIONARIES | ||
| 690 | _aBUILT ENVIRONMENT-BUILDING CONTRACT FORMS | ||
| 700 | _aMarshall, D. | ||
| 700 | _aPowell-Smith, Vincent | ||
| 700 | _aCavender, Simon | ||
| 942 | _n0 | ||
| 948 | _c04/03/1997 | ||
| 999 |
_c98817 _d98817 |
||